|
|
|
|
| LEADER |
01315nam a2200373Ia 4500 |
| 001 |
EBC3331715 |
| 003 |
MiAaPQ |
| 005 |
20200520144314.0 |
| 006 |
m o d | |
| 007 |
cr cn||||||||| |
| 008 |
040427s2004 quc sb 001 0 eng d |
| 016 |
|
|
|z 20049027115
|
| 020 |
|
|
|z 0773527435
|
| 035 |
|
|
|a (MiAaPQ)EBC3331715
|
| 035 |
|
|
|a (Au-PeEL)EBL3331715
|
| 035 |
|
|
|a (CaPaEBR)ebr10178364
|
| 035 |
|
|
|a (OCoLC)923231352
|
| 040 |
|
|
|a MiAaPQ
|c MiAaPQ
|d MiAaPQ
|
| 050 |
|
4 |
|a HG3891
|b .N38 2004
|
| 082 |
0 |
4 |
|a 364.16/8
|2 22
|
| 100 |
1 |
|
|a Naylor, R. T.,
|d 1945-
|
| 245 |
1 |
0 |
|a Hot money and the politics of debt
|h [electronic resource] /
|c R.T. Naylor.
|
| 250 |
|
|
|a 3rd ed.
|
| 260 |
|
|
|a Montreal :
|b McGill-Queen's University Press,
|c c2004.
|
| 300 |
|
|
|a xxxiii, 536 p.
|
| 500 |
|
|
|a Includes index.
|
| 504 |
|
|
|a Includes bibliographical references: p. 516-519.
|
| 533 |
|
|
|a Electronic reproduction. Ann Arbor, MI : ProQuest, 2015. Available via World Wide Web. Access may be limited to ProQuest affiliated libraries.
|
| 650 |
|
0 |
|a Money laundering.
|
| 650 |
|
0 |
|a International finance.
|
| 650 |
|
0 |
|a Debts, External
|z Developing countries.
|
| 655 |
|
4 |
|a Electronic books.
|
| 710 |
2 |
|
|a ProQuest (Firm)
|
| 856 |
4 |
0 |
|u https://ebookcentral.proquest.com/lib/matrademy/detail.action?docID=3331715
|z Click to View
|